مكتبة جامعة عجلون الوطنية

فهرس بحث المكتبة

Normal view MARC view
  • ديمس، جون

Entry Personal Name

Number of records used in: 1

001 - CONTROL NUMBER

  • control field: 7995

003 - CONTROL NUMBER IDENTIFIER

  • control field: JO-AjAnu

005 - DATE AND TIME OF LATEST TRANSACTION

  • control field: 20230606071606.0

008 - FIXED-LENGTH DATA ELEMENTS

  • fixed length control field: 230606|| aca||aabn | a|a d

040 ## - CATALOGING SOURCE

  • Original cataloging agency: JO-AjAnu
  • Transcribing agency: JO-AjAnu

100 ## - HEADING--PERSONAL NAME

  • Personal name: ديمس، جون

670 ## - SOURCE DATA FOUND

  • Source citation: Work cat.: (JO-AjAnu)4129: ديمس، جون, author, الماضي والحاضر والشخصي : العائلة ودورة الحياة في التاريخ الامريكي = Past,Present and Personal: The Family and The Life Course in American History